• 首页
  • 本馆介绍
  • 公告通知
  • 最新文献
  • 馆藏检索
  • 电子资源
  • 读者导购
  • 参考咨询
  • 我的图书馆
  • 登录
  • 详细信息显示
  • 放入我的书架
  • 预约/预借图书
  • 作者相关作品
  • 分类相关作品
  • 丛书相关作品
  • 出版社相关作品

书目信息

  • 表格格式
  • 工作单格式
  • 卡片格式
题名:
计算机组成与系统结构
    
 
作者: 陈泽宇 主编
分册:  
出版信息: 北京   清华大学出版社  2009.01
页数: 221页
开本: 26cm
丛书名:
单 册:
中图分类: TP303
科图分类:
主题词: 计算机体系结构--ji suan ji ti xi jie gou--高等学校--教材 , 计算机体系结构--ji suan ji ti xi jie gou
电子资源:
ISBN: 978-7-302-18863-6
000 00893nam0 2200253 450
001 0106081815
005 20201106082044.0
010    @a978-7-302-18863-6@dCNY29.00
100    @a20090115e20192009em y0chiy50 ea
101 0  @achi
102    @aCN@b110000
105    @aa z 000yy
106    @ar
200 1  @a计算机组成与系统结构@Aji suan ji zu cheng yu xi tong jie gou@f陈泽宇主编
210    @a北京@c清华大学出版社@d2009.01@h2019.03
215    @a221页@c图@d26cm
300    @a21世纪高等学校计算机专业实用规划教材
330    @a本书全面的讲述了计算机系统的基本结构、各部件的组成及工作原理、相关技术的最新发展与应用等知识。
606 0  @a计算机体系结构@Aji suan ji ti xi jie gou@x高等学校@j教材
606 0  @a计算机体系结构@Aji suan ji ti xi jie gou
690    @aTP303@v5
701  0 @a陈泽宇@Achen ze yu@f(1968~)@4主编
801  0 @aCN@bBJSZM@c20201106
905    @b1191960-3@dTP303@e1082@f4
    
    计算机组成与系统结构/陈泽宇主编.-北京:清华大学出版社,2009.01(2019.03)
    221页:图;26cm
    21世纪高等学校计算机专业实用规划教材
    
    ISBN 978-7-302-18863-6:CNY29.00
    本书全面的讲述了计算机系统的基本结构、各部件的组成及工作原理、相关技术的最新发展与应用等知识。
●
相关链接 在E读中查询图书 在五车中查询图书 在当当中查询图书 在豆瓣中查询图书


正题名:计算机组成与系统结构     索取号:TP303/1082         预约/预借

序号 登录号 条形码 馆藏地/架位号 状态 备注
1 1191960   211919600   第二样本阅览室/ [索取号:TP303/1082] 在馆    
2 1191961   211919619   第三借阅区/ [索取号:TP303/1082] 在馆    
3 1191962   211919628   第三借阅区/ [索取号:TP303/1082] 在馆    
4 1191963   211919637   第三借阅区/ [索取号:TP303/1082] 在馆    
唐山师范学院图书馆 欢迎您!
大连网信软件有限公司© 版权所有